00285nam a22001337a 4500003000400000005001700004008004100021040000700062082001000069100002000079245001900099260002500118300000800143OSt20211105151431.0211105b |||||||| |||| 00| 0 eng d chu a361.1 afreeman, pavitt amodels of doom anew yorkbhallc1973 a244